| 000 | 01620nam a2200409 a 4500 | ||
|---|---|---|---|
| 001 | ebr5000204 | ||
| 003 | CaPaEBR | ||
| 006 | m u | ||
| 007 | cr cn||||||||| | ||
| 008 | 020220s2000 ne a sb 001 0 eng | ||
| 010 | _z 99051376 | ||
| 015 | _aGBA2-15008 | ||
| 016 | 7 |
_a9027233004 _2Uk |
|
| 020 | _z9027233004(pbk.) | ||
| 020 | _z1556197462(U.S.) | ||
| 040 |
_aCaPaEBR _cCaPaEBR |
||
| 035 | _a(OCoLC)70769268 | ||
| 050 | 1 | 4 |
_aHD58.7 _b.N38 2000eb |
| 082 | 0 | 4 |
_a330.122094 _221 |
| 245 | 0 | 0 |
_aNational capitalisms, global competition, and economic performance _h[electronic resource] / _cedited by Sigrid Quack, Glenn Morgan, Richard Whitley. |
| 260 |
_aAmsterdam ; _a[Great Britain] : _bJohn Benjamins, _cc2000. |
||
| 300 |
_axii, 322 p. : _bill. |
||
| 490 | 1 |
_aAdvances in organization studies ; _vv.3 |
|
| 504 | _aIncludes bibliographical references and index. | ||
| 533 |
_aElectronic reproduction. _bPalo Alto, Calif. : _cebrary, _d2013. _nAvailable via World Wide Web. _nAccess may be limited to ebrary affiliated libraries. |
||
| 650 | 0 |
_aCorporate culture _zEurope _vCase studies. |
|
| 650 | 0 |
_aManagement _zEurope _vCase studies. |
|
| 650 | 0 |
_aCapitalism _zEurope _vCase studies. |
|
| 650 | 0 |
_aCompetition, International _vCase studies. |
|
| 655 | 7 |
_aElectronic books. _2local |
|
| 700 | 1 | _aQuack, Sigrid. | |
| 700 | 1 | _aMorgan, Glenn. | |
| 700 | 1 | _aWhitley, Richard. | |
| 710 | 2 | _aebrary, Inc. | |
| 830 | 0 |
_aAdvances in organization studies ; _v3. |
|
| 856 | 4 | 0 |
_uhttp://site.ebrary.com/lib/rucke/Doc?id=5000204 _zAn electronic book accessible through the World Wide Web; click to view |
| 999 |
_c2690 _d2690 |
||